000 00514nam a2200169Ia 4500
008 090711s9999 xx 000 0 und d
082 _b1363
100 _aभारद्वाज मंदाकिनी
245 _aनाती
260 _bस्वप्न प्रकाशन
300 _a192
600 _aभारद्वाज मंदाकिनी
630 _aनाती
700 _aभारद्वाज मंदाकिनी
730 _aनाती
942 _cBOOK
999 _c324976
_d324976